Manual de agricultura bajo riego /

Guardado en:
Autor Principal: Luque, Jorge Alfredo.
Formato: Libro
Idioma:Spanish
Publicado: Mendoza : Riagro, c1955.
Etiquetas: Agregar Etiqueta
Sin Etiquetas, Sea el primero en etiquetar este registro!
LEADER 00747nam a22001575a 4500
001 EEA.libagro001962
005 20190930123544.0
008 130809s1955####ag#a##########000#0#spa#d
082 0 4 |a 631.7 
100 1 |a Luque, Jorge Alfredo. 
245 1 0 |a Manual de agricultura bajo riego /  |c Jorge Alfredo Luque. 
260 |a Mendoza :  |b Riagro,  |c c1955. 
300 |a 271 p. :  |b il. ;  |c 23 cm. 
500 |a Racionalización, sistematización y práctica del riego en: duraznero, manzano, ciruelo, peral, damasco, vid, parrales, cerezo, membrillero, olivo, pimiento, papa, tomate, maíz, cereales, arvejas, haba, cultivos industriales, alfalfa. 
859 |a AR-BbBCA  |b BIB. AGRONOMIA  |h 631.7  |i L966-4  |p 1962/0038 
859 |a AR-BbBCA  |b BIB. AGRONOMIA  |h 631.7  |i L966-4  |p 1980/0053  |t Ej.2